000
00253nam a2200097Ia 4500
001
690271
005
20250826161813.0
008
250824s9999 xx 000 0 und d
245
0
_a
TERÖR KISKACINDA TÜRKİYE
_c
HALİT ESENDİR
260
_b
TİMAŞ YAYINLARI
999
_c
690271
_d
690271